000 00400nam a22001577a 4500
003 OSt
005 20210929112420.0
008 210929b |||||||| |||| 00| 0 eng d
040 _cHawassa university
050 _a581/ESA
_b5
082 _a581/ESA
_b5
100 _aEsau katherine
_97977
245 _aAnatomy of seed plants
260 _aNew york
_bJohn wiley & sons,inc
_c1962
942 _2ddc
_cBOOKS
_n0
999 _c7466
_d7466